000 00898nam a2200121Ia 4500
008 220615s9999||||xx |||||||||||||| ||und||
100 _aNunner-Krautgasser, Bettina||Anzenberger, Philipp
245 0 _aEvidence in Civil Law - Austria
546 _aEnglish[eng]
650 _aburden of proof||witness evidence||principles of taking evidence||evidence by inspection||expert opinions||general principles of civil procedure||examination of parties||unlawful evidence||documentary evidence||taking evidence in civil procedure||Counterparty||Legal remedy||Letters rogatory||Trial court||Videotelephony
856 _uhttps://library.oapen.org/bitstream/20.500.12657/32001/1/620430.pdf||https://library.oapen.org/bitstream/20.500.12657/32001/1/620430.pdf||https://library.oapen.org/bitstream/20.500.12657/32001/1/620430.pdf||https://library.oapen.org/bitstream/20.500.12657/32001/1/620430.pdf
942 _cEB
999 _c14762
_d14762